| 000 | 01304nam a2200361 i 4500 | ||
|---|---|---|---|
| 001 | 25417 | ||
| 003 | KOSZ 005 | ||
| 005 | 20211203113632.0 | ||
| 008 | 071103s1971 pl a f 001 0 pol | ||
| 015 | _aPB 1971/11531 | ||
| 040 |
_aWA N _cWA N _dKOSZ 005/EG _dKOSZ 005/RW |
||
| 041 | 1 |
_apol _hrus |
|
| 046 | _k1971 | ||
| 080 | _a621 | ||
| 100 | 1 |
_aOrlov, Pavel Ivanovič. _eAutor |
|
| 245 | 1 | 0 |
_aZasady konstruowania w budowie maszyn / _cP. I. Orłow ; tłumaczenie Stefan Gil. |
| 246 | 1 |
_iTytuł oryginału: _aOsnovy konstruirovaniâ mašin. |
|
| 260 |
_aWarszawa : _bWydawnictwa Naukowo-Techniczne, _c1971. |
||
| 300 |
_a635, [1] stron : _bilustracje, errata ; _c25 cm. |
||
| 336 |
_aTekst _btxt _2rdacontent |
||
| 337 |
_aBez urządzenia pośredniczącego _bn _2rdamedia |
||
| 338 |
_aWolumin _bnc _2rdacarrier |
||
| 380 | _aKsiążki. | ||
| 388 | _a1945-1989 | ||
| 504 | _aBibliografia na stronach 626-[632]. Indeks. | ||
| 658 | _aInżynieria i technika | ||
| 650 | 4 | _aMaszyny | |
| 650 | 4 | _a Konstrukcja maszyn i urządzeń | |
| 700 | 1 |
_aGil, Stefan. _eTłumaczenie |
|
| 710 | 2 |
_aWydawnictwa Naukowo-Techniczne _4pbl. |
|
| 856 |
_uhttp://koha.tu.koszalin.pl/cgi-bin/koha/opac-detail.pl?biblionumber=25417 _yKatalog online BPK |
||
| 942 |
_2UKD _cKS |
||
| 999 |
_c25417 _d25417 |
||